Cómo reformar la administración pública (Registro nro. 65422)
[ vista simple ]
| 000 -ENCABEZADO | |
|---|---|
| Número de control [NR] | 01060nam a2200253Ia 4500 |
| 008 - DE LONGITUD FIJA DE DATOS DE ELEMENTOS - INFORMACIÓN GENERAL | |
| Elementos de longitud fija [NR] | 130821s1977 mx a gr spa |
| 040 ## - FUENTE DE CATALOGACION [NR] | |
| Agencia de catalogación original [NR] | Co-BoUCM |
| Idioma de catalogación [NR] | spa |
| 041 00 - CODIGO DE IDIOMA [R] | |
| Código de idioma para texto/pista de sonido o título separado [R] | Español |
| 245 00 - MENCION DE TITULO [NR] | |
| Título [NR] | Cómo reformar la administración pública |
| Mención de responsabilidad, etc. [NR] | compilador, Arne F. Leemans ; traducción, Luis García Cárdenas |
| 260 ## - PUBLICACION, DISTRIBUCION, ETC. (PIE DE IMPRENTA) [R] | |
| Lugar de publicación, distribución, etc. [R] | México D.F. (México) |
| Nombre del editor, distribuidor, etc. [R] | Fondo de Cultura Económica |
| Fecha de publicación, distribución, etc. [R] | 1977 |
| 300 ## - DESCRIPCION FISICA [R] | |
| Extensión [R] | 389 páginas |
| Otros detalles físicos [NR] | ilustraciones, cuadros |
| 490 #0 - MENCION DE SERIE [R] | |
| Mención de serie [R] | Sección de Obras de Economía |
| 500 ## - NOTA GENERAL [R] | |
| Nota general [NR] | Donación Dr. Guillermo Galán. |
| 500 ## - NOTA GENERAL [R] | |
| Nota general [NR] | Libro disponible en 48 horas a partir de la solicitud |
| 504 ## - NOTA DE BIBLIOGRAFIA, ETC. [R] | |
| Nota de bibliografía, etc. [NR] | |
| 650 04 - ASIENTO SECUNDARIO DE MATERIA - TERMINO TEMATICO [R] | |
| Término temático o nombre geográfico como elemento de entrada [NR] | Administración pública |
| 9 (RLIN) | 355 |
| 650 04 - ASIENTO SECUNDARIO DE MATERIA - TERMINO TEMATICO [R] | |
| Término temático o nombre geográfico como elemento de entrada [NR] | Administración pública |
| Subdivisión de forma [R] | Estudio de casos |
| 9 (RLIN) | 355 |
| 650 04 - ASIENTO SECUNDARIO DE MATERIA - TERMINO TEMATICO [R] | |
| Término temático o nombre geográfico como elemento de entrada [NR] | Reforma administrativa |
| Subdivisión de forma [R] | Estudio de casos |
| 9 (RLIN) | 23276 |
| 700 1# - ASIENTO SECUNDARIO - NOMBRE PERSONAL [R] | |
| Nombre personal [NR] | García Cárdenas, Luis |
| Término de relación [R] | |
| 9 (RLIN) | 138832 |
| 700 1# - ASIENTO SECUNDARIO - NOMBRE PERSONAL [R] | |
| Nombre personal [NR] | Leemans, Arne F. |
| Término de relación [R] | |
| 9 (RLIN) | 138833 |
| 765 ## - ASIENTO DE IDIOMA ORIGINAL [R] | |
| Título [NR] | The management of change in government |
| 942 ## - ELEMENTOS DE ENTRADA AGREGADOS (KOHA) | |
| Tipo de ítem principal el descrito en 300a | Libro |
| Tema principal | Administración |
| Edición | 1 |
| Parte restante de la signatura top. | C735 |
| Título oculto en OPAC | No |
| Sistema de clasificación | DEWEY |
| Clasificación | 350 |
| Fecha de último préstamo | Total préstamos | Signatura topográfica | Código de barras | Última vez visto | Ejemplar | Price effective from | Tipo de ítem | Perdido | Sistema de clasificación | Dañado | No prestable | Tipo de ítem específico | Suprimido | Ubicación habitual | Ubicación actual | Localización | Fecha de creación | Forma de adquisición | Costo | Costo de reposición | Proveedor |
|---|---|---|---|---|---|---|---|---|---|---|---|---|---|---|---|---|---|---|---|---|---|
| 04/05/2010 | 350 C735 | 100104902 | 09/07/2012 | Ej.1 | 03/02/2013 | Libro | DEWEY | Libro | Bodega | Bodega | Préstamo 4 días después de solicitado | 28/02/2010 | Donación | 26000.00 | |||||||
| 350 C735 | 100162239 | 06/12/2024 | Ej.2 | 26/06/2019 | Libro | DEWEY | Libro | BodegaJK | Claustro | Préstamo 2 días después de solicitado | 26/06/2019 | Donación | 0.00 | 26000.00 | 12 |